[Event "POHÁR města Říčany 2024"]
[Site "Městské kulturní středisko U labutě"]
[Date "2024.07.02"]
[Round "5.1"]
[White "Hlavina, Matous"]
[Black "Burdalev, Kirill"]
[Result "0-1"]
[WhiteElo "2231"]
[BlackElo "2348"]
[WhiteFideId "386650"]
[BlackFideId "14121913"]
[PlyCount "0"]
[EventDate "2024.06.29"]

1. e4 e5 2. Nf3 Nc6 3. Nc3 Nf6 4. d4 exd4 5. Nxd4 Bb4 6. Nxc6 bxc6 7. Bd3 O-O
8. O-O d5 9. exd5 cxd5 10. h3 Re8 11. Qf3 Bd6 12. Bg5 c6 13. Rfe1 Be6 14. Ne2 h6
15. Bxf6 Qxf6 16. Qxf6 gxf6 17. Nd4 c5 18. Nxe6 fxe6 19. Re2 Kf7 20. b3 f5
21. g3 Rg8 22. Bb5 Rad8 23. Rae1 Rg6 24. Kf1 e5 25. Rd1 d4 26. f4 e4 27. g4 fxg4
28. hxg4 e3 29. Rg2 Bxf4 30. Ke2 Ke7 31. Rf1 Rf8 32. Bd3 Rg7 33. Rgg1 Kd6
34. Rf3 Ke5 35. Rh3 Bg5 36. Bf5 Rc7 37. Kd3 Rf6 38. Rg2 c4+ 39. bxc4 Rxc4 0-1

[Event "POHÁR města Říčany 2024"]
[Site "Městské kulturní středisko U labutě"]
[Date "2024.07.02"]
[Round "5.2"]
[White "Topencik, Bruno"]
[Black "Kulhanek, Tomas"]
[Result "1/2-1/2"]
[WhiteElo "2070"]
[BlackElo "2319"]
[WhiteFideId "23716550"]
[BlackFideId "309656"]
[PlyCount "0"]
[EventDate "2024.06.29"]

1. d4 Nf6 2. c4 e6 3. g3 Bb4+ 4. Bd2 Qe7 5. Nc3 O-O 6. Nf3 d6 7. Bg2 Re8 8. a3
Bxc3 9. Bxc3 Ne4 10. Rc1 e5 11. dxe5 Nxc3 12. Rxc3 dxe5 13. Nxe5 c6 14. Nf3 Na6
15. O-O Qxe2 16. Qxe2 Rxe2 17. Re1 Rxe1+ 1/2-1/2

[Event "POHÁR města Říčany 2024"]
[Site "Městské kulturní středisko U labutě"]
[Date "2024.07.02"]
[Round "5.3"]
[White "Walek, Petr"]
[Black "Novak, Jindrich"]
[Result "1-0"]
[WhiteElo "2294"]
[BlackElo "2010"]
[WhiteFideId "339393"]
[BlackFideId "307874"]
[PlyCount "0"]
[EventDate "2024.06.29"]

1. e4 d6 2. d4 e5 3. Nf3 Nc6 4. Bb5 Bd7 5. Bxc6 Bxc6 6. Nc3 Nf6 7. Qd3 exd4
8. Nxd4 Be7 9. Nf5 O-O 10. Bg5 Re8 11. O-O Qd7 12. Rfe1 Bd8 13. Qd4 Re5 14. f4
{pro necitelnost ukonceno} 1-0

[Event "POHÁR města Říčany 2024"]
[Site "Městské kulturní středisko U labutě"]
[Date "2024.07.02"]
[Round "5.4"]
[White "Rut, Vojtech"]
[Black "Vojta, Jakub"]
[Result "0-1"]
[WhiteElo "2028"]
[BlackElo "2266"]
[WhiteFideId "333190"]
[BlackFideId "382515"]
[PlyCount "0"]
[EventDate "2024.06.29"]

1. Nf3 c5 2. c4 Nc6 3. Nc3 g6 4. h4 Nf6 5. e4 d6 6. d3 Bg7 7. Be2 a6 8. Bf4 Rb8
9. Qd2 b5 10. cxb5 axb5 11. Bh6 Bxh6 12. Qxh6 e6 13. O-O Ng4 14. Qf4 h5 15. d4
Nxd4 16. Nxd4 cxd4 17. Nxb5 e5 18. Qg5 O-O 19. a4 Kg7 20. Rfc1 f6 21. Qd2 Rf7
22. Qb4 Rd7 23. Rc6 d5 24. exd5 Rxd5 25. Qc4 e4 26. Rc7+ Kh6 27. Rd1 d3 28. Qc1+
g5 29. hxg5+ Rxg5 30. Bf1 Ba6 31. Rc5 Bxb5 32. axb5 Qd6 0-1

[Event "POHÁR města Říčany 2024"]
[Site "Městské kulturní středisko U labutě"]
[Date "2024.07.02"]
[Round "5.5"]
[White "Sedlak, Milan"]
[Black "Jun, Rudolf"]
[Result "0-1"]
[WhiteElo "1953"]
[BlackElo "2232"]
[WhiteFideId "23746149"]
[BlackFideId "376612"]
[PlyCount "0"]
[EventDate "2024.06.29"]

1. Nf3 Nf6 2. g3 b6 3. Bg2 Bb7 4. O-O g6 5. b3 Bg7 6. Bb2 O-O 7. d3 d6 8. Nbd2
Nbd7 9. e4 Re8 10. Ng5 h6 11. Nh3 e5 12. f4 d5 13. Re1 dxe4 14. Nxe4 Nxe4
15. Bxe4 Bxe4 16. Rxe4 exf4 17. Bxg7 Rxe4 18. dxe4 Kxg7 19. Qd4+ Nf6 20. Qxd8
Rxd8 21. e5 Ng4 22. Nxf4 Nxe5 23. Rf1 g5 24. Ng2 Rd2 25. Ne3 h5 26. h3 f6
27. Rf2 Rd7 28. Kf1 Kg6 29. Ke2 Nc6 30. c3 Ne5 31. Rf1 c6 32. Rf2 a5 33. a4 Rd3
0-1

[Event "POHÁR města Říčany 2024"]
[Site "Městské kulturní středisko U labutě"]
[Date "2024.07.02"]
[Round "5.6"]
[White "Verner, Matej"]
[Black "Petras, Milan"]
[Result "0-1"]
[WhiteElo "2043"]
[BlackElo "1977"]
[WhiteFideId "23729236"]
[BlackFideId "306665"]
[PlyCount "0"]
[EventDate "2024.06.29"]

1. e4 e6 2. d4 d5 3. e5 c5 4. c3 Qb6 5. Nf3 Nc6 6. Bd3 cxd4 7. O-O Bd7 8. Re1
f5 9. Ng5 Nh6 10. Qh5+ g6 11. Qh4 O-O-O 12. Nxe6 Bxe6 13. Bxh6 Bxh6 14. Qxh6
Qxb2 15. Nd2 dxc3 16. Nb3 Qa3 17. Bb5 d4 18. Bxc6 bxc6 19. Rec1 Rd7 20. Rab1
Rhd8 21. h4 Rb7 22. Qf4 Bxb3 23. axb3 Qc5 24. b4 Rxb4 25. e6 Rb6 26. Rxb6 axb6
27. Ra1 Kb7 28. Qg5 Re8 29. Qf6 c2 30. Kh2 Qd6+ 31. g3 Qxe6 32. Qg7+ Qe7
33. Qxd4 c1=Q 34. Rxc1 Ra8 35. Qc3 Qc7 36. Qb3 f4 37. Qe6 fxg3+ 38. fxg3 Ra3
39. Kh1 Rd3 40. Rf1 Qxg3 41. Rf7+ Ka6 42. Qc4+ b5 43. Qxc6+ Ka5 44. Qa8+ Kb4
45. Qf8+ Kb3 46. Qg8 Qxh4+ 47. Kg2 Qg4+ 48. Kf2 Qd4+ 49. Kg2 Qg4+ 50. Kf2 Rd2+
51. Ke3 Re2+ 0-1

[Event "POHÁR města Říčany 2024"]
[Site "Městské kulturní středisko U labutě"]
[Date "2024.07.02"]
[Round "5.7"]
[White "Pressler, Tobias"]
[Black "Veverka, Vladimir"]
[Result "1/2-1/2"]
[WhiteElo "2005"]
[BlackElo "1968"]
[WhiteFideId "23715359"]
[BlackFideId "23716568"]
[PlyCount "0"]
[EventDate "2024.06.29"]

1. e4 e5 2. Nf3 Nc6 3. c3 d5 4. exd5 Qxd5 5. d4 Bg4 6. Be2 e4 7. Ng1 Bxe2
8. Nxe2 Bd6 9. Be3 Nge7 10. Nd2 Nf5 11. c4 Nxe3 12. fxe3 Qg5 13. c5 Be7 14. Nf4
f5 15. Nc4 Qh6 16. Qb3 Bh4+ 17. g3 Bxg3+ 18. Kd2 {pro necitelnost ukonceno}
1/2-1/2

[Event "POHÁR města Říčany 2024"]
[Site "Městské kulturní středisko U labutě"]
[Date "2024.07.02"]
[Round "5.8"]
[White "Voracek, Zdenek"]
[Black "Crha, Ondrej"]
[Result "0-1"]
[WhiteElo "1914"]
[BlackElo "2171"]
[WhiteFideId "331880"]
[BlackFideId "307220"]
[PlyCount "0"]
[EventDate "2024.06.29"]

1. d4 d5 2. c4 e6 3. Nc3 Nf6 4. Nf3 Nbd7 5. e3 a6 6. cxd5 exd5 7. a4 Bd6 8. Be2
O-O 9. O-O Re8 10. b3 Qe7 11. Qc2 c6 12. Qa2 Ne4 13. Nd1 Qf6 14. Ba3 Bc7 15. b4
Qh6 16. g3 Ndf6 17. Nb2 Nc3 0-1

[Event "POHÁR města Říčany 2024"]
[Site "Městské kulturní středisko U labutě"]
[Date "2024.07.02"]
[Round "5.9"]
[White "Vysinsky, Otakar"]
[Black "Kaplanova, Dominika"]
[Result "1-0"]
[WhiteElo "1941"]
[BlackElo "1912"]
[WhiteFideId "23719818"]
[BlackFideId "23737344"]
[PlyCount "0"]
[EventDate "2024.06.29"]

1. c4 e5 2. Nc3 Nf6 3. g3 d5 4. cxd5 Nxd5 5. Bg2 Nb6 6. Nf3 Nc6 7. O-O g6 8. d3
Bg7 9. Be3 O-O 10. Qd2 Nd4 11. Bh6 Nxf3+ 12. Bxf3 c6 13. Rac1 Be6 14. Bxg7 Kxg7
15. b4 Nd5 16. b5 Qa5 17. bxc6 bxc6 18. Ne4 Qxd2 19. Nxd2 Ne7 20. a3 Bd5
21. Bxd5 cxd5 22. Rc7 Nf5 23. Rb1 Nd6 24. Rc5 Kf6 25. Rxd5 Ke6 26. Ra5 Rfc8
27. Rb2 Rc7 28. f4 exf4 29. gxf4 f5 30. Nf3 h6 31. Kf2 Re7 32. Rab5 Kf7 33. Ra5
Re6 34. Rbb5 Nc8 35. Ne5+ 1-0

[Event "POHÁR města Říčany 2024"]
[Site "Městské kulturní středisko U labutě"]
[Date "2024.07.02"]
[Round "5.10"]
[White "Lizner, Milan"]
[Black "Vavrinec, Tomas"]
[Result "0-1"]
[WhiteElo "1847"]
[BlackElo "1922"]
[WhiteFideId "324256"]
[BlackFideId "318353"]
[PlyCount "0"]
[EventDate "2024.06.29"]

1. a3 g6 2. Nc3 d5 3. d4 Nf6 4. Nf3 Bg7 5. e3 b6 6. Be2 Bb7 7. O-O O-O 8. Rb1
c5 9. b4 cxb4 10. axb4 Nc6 11. Ba3 Re8 12. Na4 Rc8 13. Qd3 e5 14. dxe5 Nxe5
15. Nxe5 Rxe5 16. Rfd1 Qc7 17. Rbc1 Ree8 18. Qb3 Red8 19. c4 dxc4 20. Rxd8+ Rxd8
21. Bxc4 Ng4 22. g3 Qd7 23. Nc3 Qf5 24. Qc2 0-1

[Event "POHÁR města Říčany 2024"]
[Site "Městské kulturní středisko U labutě"]
[Date "2024.07.02"]
[Round "5.11"]
[White "Cabela, Filip"]
[Black "Hejsek, Lukas"]
[Result "1/2-1/2"]
[WhiteElo "1903"]
[BlackElo "2029"]
[WhiteFideId "23753552"]
[BlackFideId "393860"]
[PlyCount "0"]
[EventDate "2024.06.29"]

1. e4 c5 2. a3 Nf6 3. e5 Nd5 4. d4 cxd4 5. Qxd4 Nc7 6. Nf3 Nc6 7. Qh4 d6
8. exd6 Qxd6 9. Be2 Bf5 10. c4 O-O-O 11. Nc3 e5 12. O-O Be7 13. Qg3 Qg6 14. Be3
Bf6 15. Rfd1 Nd4 16. Bxd4 exd4 17. Nd5 Qxg3 18. hxg3 Nxd5 19. cxd5 Rxd5 20. Bc4
Rd7 21. Rd2 Be6 22. Rc1 Bxc4 23. Rxc4+ Kb8 24. Kf1 d3 25. Rb4 Kc7 26. Rb3 Rhd8
27. Ne1 a5 28. Rbxd3 Rxd3 29. Nxd3 Kb6 30. a4 Rd4 31. b3 h5 32. Ke2 1/2-1/2

[Event "POHÁR města Říčany 2024"]
[Site "Městské kulturní středisko U labutě"]
[Date "2024.07.02"]
[Round "5.12"]
[White "Ocelak, David"]
[Black "Pisar, Tomas"]
[Result "1-0"]
[WhiteElo "1815"]
[BlackElo "1971"]
[WhiteFideId "23728795"]
[BlackFideId "23701501"]
[PlyCount "0"]
[EventDate "2024.06.29"]

1. e4 e5 2. Nf3 Nc6 3. d4 exd4 4. Nxd4 Nf6 5. Nc3 Bb4 6. Nxc6 bxc6 7. Bd3 O-O
8. O-O d5 9. exd5 cxd5 10. h3 Bb7 11. Qf3 Be7 12. Re1 c5 13. Bf4 a6 14. Rad1 Qd7
15. g4 d4 16. Ne4 Nxg4 17. hxg4 f5 18. Nxc5 Bxc5 19. Qh3 Be4 20. Bxe4 fxe4
21. Rxe4 Rae8 22. Rde1 Rxe4 23. Rxe4 Qc6 24. Qd3 Kh8 25. Be5 Qh6 26. Bxd4 Bd6
27. Be5 Bxe5 28. Rxe5 Qc1+ 29. Kg2 Qxb2 30. Rf5 Rb8 31. Rh5 h6 32. g5 Qb7+
33. f3 Qb5 34. Qc3 Qe2+ 35. Kg3 Rb1 36. Rxh6+ Kg8 37. Qc8+ Kf7 38. Qd7+ 1-0

[Event "POHÁR města Říčany 2024"]
[Site "Městské kulturní středisko U labutě"]
[Date "2024.07.02"]
[Round "5.13"]
[White "Bezdek, Tomas"]
[Black "Pavlicek, Petr"]
[Result "1-0"]
[WhiteElo "1958"]
[BlackElo "1904"]
[WhiteFideId "23733551"]
[BlackFideId "325163"]
[PlyCount "0"]
[EventDate "2024.06.29"]

1. e4 e5 2. Nf3 Nc6 3. Bc4 Bc5 4. O-O Nf6 5. d3 d6 6. c3 O-O 7. h3 h6 8. Nbd2
a6 9. Bb3 Ba7 10. Re1 Ne7 11. Nf1 Ng6 12. Ng3 Be6 13. Bc2 Nh7 14. d4 Ng5
15. dxe5 Nxf3+ 16. Qxf3 dxe5 17. Nf5 Kh7 18. Qh5 Bxf5 19. exf5 Nf4 20. Qf3 Qd6
21. Be3 c6 22. Rad1 Qc7 23. Bxf4 exf4 24. f6+ g6 25. Re7 1-0

[Event "POHÁR města Říčany 2024"]
[Site "Městské kulturní středisko U labutě"]
[Date "2024.07.02"]
[Round "5.14"]
[White "Korniichuk, Oleksandra"]
[Black "Grebeniuc, Alexandra"]
[Result "1-0"]
[WhiteElo "1956"]
[BlackElo "1800"]
[WhiteFideId "14155656"]
[BlackFideId "13911635"]
[PlyCount "0"]
[EventDate "2024.06.29"]

1. e4 c6 2. d3 d5 3. Nd2 g6 4. g3 Bg7 5. Bg2 e5 6. Ngf3 Ne7 7. O-O O-O 8. Re1
Qc7 9. c3 a5 10. Qc2 h6 11. a4 Be6 12. b4 Nd7 13. Ba3 Rfe8 14. Nb3 axb4 15. cxb4
b6 16. Rec1 Nf6 17. Nbd2 g5 18. h3 Rec8 19. Bb2 Ng6 20. d4 Nxe4 21. Nxe4 dxe4
22. Nxe5 Nxe5 23. dxe5 Bxe5 24. Bxe5 Qxe5 25. Qxe4 Qf6 26. Qe3 Rab8 27. a5 bxa5
28. bxa5 Rb3 29. Qc5 Rb5 30. Qc3 Qf5 31. a6 Rb3 32. Qc5 Qf6 33. a7 Qd8 34. Qa5
Qd4 35. Qc5 Qd8 36. Bxc6 Qc7 37. a8=Q Rxg3+ 38. fxg3 Qxg3+ 39. Bg2 1-0

[Event "POHÁR města Říčany 2024"]
[Site "Městské kulturní středisko U labutě"]
[Date "2024.07.02"]
[Round "5.15"]
[White "Madle, Robin"]
[Black "Jakubse, Tamae Severina"]
[Result "1-0"]
[WhiteElo "1889"]
[BlackElo "1935"]
[WhiteFideId "393886"]
[BlackFideId "23745975"]
[PlyCount "0"]
[EventDate "2024.06.29"]

1. d4 Nf6 2. c4 g6 3. Nc3 d5 4. Nf3 Bg7 5. Qb3 dxc4 6. Qxc4 O-O 7. e4 e5 8. d5
c6 9. Bg5 Qb6 10. Be3 Qc7 11. Be2 Bg4 12. O-O Rc8 13. dxc6 Nxc6 14. Nb5 Rab8
15. Rac1 a6 16. Na3 b5 17. Qc2 Qb7 18. Qb1 Nb4 19. Bc5 Bf8 20. Bxf8 Kxf8 21. h3
Be6 22. Rxc8+ Rxc8 23. Nxe5 Bxa2 24. Qd1 Qe7 25. Qd4 Rd8 26. Qc3 Kg8 27. Ng4
Nxg4 28. Bxg4 Rd3 29. Qc8+ Kg7 30. Nc2 Nxc2 31. Qxc2 Qxe4 32. Ra1 Bb3 33. Qc8
Qf4 34. Rxa6 h5 35. Be2 Rd4 36. Ra8 Kf6 37. Qh8+ Kg5 38. g3 Qc1+ 39. Kh2 Qc5
40. Rf8 Qd5 41. Re8 f6 42. f4+ Kf5 43. g4+ 1-0

[Event "POHÁR města Říčany 2024"]
[Site "Městské kulturní středisko U labutě"]
[Date "2024.07.02"]
[Round "5.16"]
[White "Svoboda, Daniel"]
[Black "Gacho, Ondrej"]
[Result "1-0"]
[WhiteElo "1922"]
[BlackElo "1765"]
[WhiteFideId "23718684"]
[BlackFideId "23718102"]
[PlyCount "0"]
[EventDate "2024.06.29"]

1. e4 e6 2. d4 d5 3. Nc3 Bb4 4. e5 c5 5. a3 cxd4 6. axb4 dxc3 7. bxc3 Qc7 8. f4
Qxc3+ 9. Bd2 Qc7 10. Nf3 Ne7 11. Nd4 Bd7 12. b5 Nf5 13. Nxf5 exf5 14. Bb4 Be6
15. Ra3 Bd7 16. Qa1 b6 17. Bd6 Qb7 18. Rc3 {pro nesmyslnost ukonceno} 1-0

[Event "POHÁR města Říčany 2024"]
[Site "Městské kulturní středisko U labutě"]
[Date "2024.07.02"]
[Round "5.17"]
[White "Skala, Jaromir"]
[Black "Rous, Dominik"]
[Result "1/2-1/2"]
[WhiteElo "1914"]
[BlackElo "1719"]
[WhiteFideId "325805"]
[BlackFideId "375993"]
[PlyCount "0"]
[EventDate "2024.06.29"]

1. d4 d6 2. e4 g6 3. c3 Nf6 4. Bd3 Bg7 5. Ne2 O-O 6. O-O Nbd7 7. f3 c5 8. Be3
b6 9. a4 Qc7 10. Na3 Bb7 11. Rc1 Rac8 12. Qd2 Rfd8 13. b4 Qb8 14. Bh6 Ne8
15. Bc4 e6 16. Bf4 Qa8 17. Ba2 d5 18. e5 cxb4 19. cxb4 Rxc1 20. Rxc1 Rc8 21. Be3
Bf8 22. Rxc8 Qxc8 23. Nc2 Nb8 24. b5 a6 25. g3 1/2-1/2

[Event "POHÁR města Říčany 2024"]
[Site "Městské kulturní středisko U labutě"]
[Date "2024.07.02"]
[Round "5.18"]
[White "Lavrincik, Pavel"]
[Black "Steiner, Juraj"]
[Result "0-1"]
[WhiteElo "1812"]
[BlackElo "1912"]
[WhiteFideId "320188"]
[BlackFideId "367516"]
[PlyCount "0"]
[EventDate "2024.06.29"]

1. c4 e5 2. Nc3 Nf6 3. e4 Bc5 4. g3 d6 5. Bg2 c6 6. Nge2 Bg4 7. h3 Be6 8. d3
Qd7 9. f4 Qc7 10. f5 Bd7 11. Bg5 a6 12. Qd2 h6 13. Be3 Bxe3 14. Qxe3 b5 15. O-O
Qa7 16. Qxa7 Rxa7 17. Rfd1 b4 18. Na4 c5 19. Nb6 Rb7 20. Nd5 Nxd5 21. cxd5 Ke7
22. Kf2 Rc8 23. Rac1 a5 24. Ng1 Rbc7 25. Bf1 Ba4 26. Rd2 Nd7 27. Nf3 Bb5 28. Ke3
Nb6 29. Rdd1 c4 30. d4 Ba4 31. Rd2 c3 32. bxc3 Rxc3+ 33. Rxc3 Rxc3+ 34. Rd3 Nc4+
35. Ke2 Rc2+ 36. Ke1 Rc1+ 37. Kf2 Bc2 38. dxe5 Rxf1+ 0-1

[Event "POHÁR města Říčany 2024"]
[Site "Městské kulturní středisko U labutě"]
[Date "2024.07.02"]
[Round "5.19"]
[White "Rossler, Erik"]
[Black "Hronik, Petr"]
[Result "0-1"]
[WhiteElo "1797"]
[BlackElo "1907"]
[WhiteFideId "23719761"]
[BlackFideId "336700"]
[PlyCount "0"]
[EventDate "2024.06.29"]

1. e4 d5 2. exd5 Nf6 3. d4 Bg4 4. Nf3 Qxd5 5. Be2 Nc6 6. c4 Qh5 7. Be3 O-O-O
8. Nc3 e5 9. d5 e4 10. Nd2 Bxe2 11. Qxe2 Qxe2+ 12. Kxe2 Ne5 13. Bd4 Re8 14. Bxe5
Rxe5 15. Rhe1 Bc5 16. Nb3 Bb4 17. Rac1 Rhe8 18. a3 Bf8 19. h3 Nd7 20. Nb5 a6
21. N5d4 Bc5 22. Rcd1 Ba7 23. Kf1 h5 24. f4 exf3 25. Nxf3 Rxe1+ 26. Rxe1 Rxe1+
27. Kxe1 f6 28. Ke2 Nf8 29. Nbd4 Kd7 30. Kd3 g6 31. Nd2 c6 32. Ne4 Nh7 33. dxc6+
bxc6 34. b4 f5 35. Nd2 Ng5 36. N2f3 Nf7 37. Ne2 Bb8 38. Ke3 Ne5 39. Nxe5+ Bxe5
40. Nf4 Bb2 41. a4 Bc1+ 42. Kf3 g5 0-1

[Event "POHÁR města Říčany 2024"]
[Site "Městské kulturní středisko U labutě"]
[Date "2024.07.02"]
[Round "5.20"]
[White "Kubicek, Daniel"]
[Black "Blumel, Otto"]
[Result "0-1"]
[WhiteElo "1791"]
[BlackElo "1907"]
[WhiteFideId "23718838"]
[BlackFideId "303852"]
[PlyCount "0"]
[EventDate "2024.06.29"]

1. e4 e5 2. Nf3 Nc6 3. c3 d5 4. exd5 Qxd5 5. d4 Bg4 6. Be2 exd4 7. cxd4 Bb4+
8. Nc3 Nf6 9. O-O Qd7 10. Be3 Nd5 11. Qb3 Be6 12. Nxd5 Bxd5 13. Qd3 Bd6 14. Rfe1
O-O 15. Bd1 Rae8 16. a3 f5 17. Bb3 Ne7 18. Bg5 Kh8 19. Ne5 Qe6 20. Ba4 Nc6
21. f4 Be4 22. Qc3 Qd5 23. Bb3 Bxe5 24. dxe5 Qd4+ 25. Qe3 h6 26. Bh4 Qxb2
27. Bf2 Na5 28. Ba2 Qb5 29. Qxa7 Ra8 30. Qc5 Qe8 31. Bd4 b6 32. Qxc7 {pro
necitelnost a nesrozumitelnost ukonceno drive} 0-1

[Event "POHÁR města Říčany 2024"]
[Site "Městské kulturní středisko U labutě"]
[Date "2024.07.02"]
[Round "5.21"]
[White "Novotny, David"]
[Black "Gernert, Tomas"]
[Result "1-0"]
[WhiteElo "2034"]
[BlackElo "1745"]
[WhiteFideId "374083"]
[BlackFideId "23750219"]
[PlyCount "0"]
[EventDate "2024.06.29"]

1. e4 c5 2. Nf3 Nc6 3. d4 cxd4 4. Nxd4 g6 5. c4 Nf6 6. Nc3 Nxd4 7. Qxd4 d6
8. Be2 Bg7 9. O-O O-O 10. Qd3 Be6 11. Be3 Rc8 12. b3 Qd7 13. Bxa7 Ra8 14. Bd4
Rfc8 15. f4 Qd8 16. Rad1 Ra3 17. f5 Bd7 18. fxg6 fxg6 19. Bxf6 Bxf6 20. Rxf6
exf6 21. Qxd6 Raa8 22. Qxd7 Qb6+ 23. Qd4 Qxd4+ 24. Rxd4 Rd8 25. Nd5 Kg7 26. a4
1-0

[Event "POHÁR města Říčany 2024"]
[Site "Městské kulturní středisko U labutě"]
[Date "2024.07.02"]
[Round "5.22"]
[White "Hampel, Rudolf"]
[Black "Salac, Jiri"]
[Result "0-1"]
[WhiteElo "1765"]
[BlackElo "1913"]
[WhiteFideId "323853"]
[BlackFideId "303992"]
[PlyCount "0"]
[EventDate "2024.06.29"]

1. e4 c5 2. Nf3 d6 3. d4 cxd4 4. Nxd4 Nf6 5. Nc3 a6 6. a4 Bd7 7. Bc4 e6 8. O-O
Qc7 9. Bb3 Nc6 10. h3 Be7 11. Be3 O-O 12. Qd2 Na5 13. Rac1 Nc4 14. Bxc4 Qxc4
15. b3 Qc7 16. Qd3 Rac8 17. Nce2 d5 18. exd5 Nxd5 19. Bd2 Rfd8 20. c4 Nf6
21. Qc2 Bc6 22. Nxc6 Qxc6 23. Rcd1 b5 24. axb5 axb5 25. Ba5 Rxd1 26. Rxd1 bxc4
27. Rc1 Ba3 28. Ra1 Bc5 29. Qxc4 Ne4 30. Be1 Qb7 31. Qd3 Nf6 32. Rc1 Nd5 33. Rc4
Be7 34. Qc2 Rb8 35. Nc1 Ba3 36. b4 Bxb4 37. Qb3 Bf8 38. Qc2 g6 39. Nd3 Qb3
40. Qxb3 Rxb3 41. Nf4 Rb1 42. Kf1 Nxf4 43. Rxf4 f5 44. Rc4 Bd6 45. Ke2 Kf7
46. Bc3 e5 47. Rc6 Ke6 48. Bd2 h5 49. Rc2 Kd5 50. Kd3 Bc5 51. Be3 Bxe3 52. fxe3
g5 53. Ra2 Rb3+ 54. Ke2 f4 55. exf4 gxf4 56. Ra8 Ke4 57. Rh8 Rb2+ 58. Kf1 Ke3
59. Kg1 e4 60. Rxh5 Rb1+ 0-1

[Event "POHÁR města Říčany 2024"]
[Site "Městské kulturní středisko U labutě"]
[Date "2024.07.02"]
[Round "5.23"]
[White "Horyna, Josef"]
[Black "Glasberger, Roman"]
[Result "1/2-1/2"]
[WhiteElo "1805"]
[BlackElo "1698"]
[WhiteFideId "316369"]
[BlackFideId "398799"]
[PlyCount "0"]
[EventDate "2024.06.29"]

1. d4 d5 2. Nf3 Nf6 3. Bf4 e6 4. e3 c5 5. c3 Bd6 6. Bg3 O-O 7. Nbd2 Bxg3
8. hxg3 Nbd7 9. Bd3 b6 10. Ne5 h6 11. g4 Nxe5 12. dxe5 Nh7 13. Qc2 Ng5 14. f4
Ne4 15. Nxe4 dxe4 16. Bxe4 Rb8 17. g5 Bb7 18. gxh6 Bxe4 19. Qxe4 g6 20. Rd1 Qe7
21. Ke2 Rfd8 22. g3 Qe8 23. b3 Qe7 24. Rxd8+ Rxd8 25. Rd1 Rxd1 26. Kxd1 Qd8+
27. Ke2 Kh7 28. Qb7 Kxh6 29. Qxf7 Qd5 30. Qf8+ Kh7 31. Qe7+ Kh6 32. Qh4+ Kg7
33. g4 Qg2+ 34. Qf2 Qxg4+ 35. Qf3 Qf5 36. Qb7+ Kh6 37. Qh1+ Kg7 38. Kd2 Qf7
39. Qc6 Kh6 40. Kd3 g5 41. Qh1+ Kg6 42. fxg5 Qd7+ 43. Kc2 Kxg5 44. Qf3 Qh7+
45. e4 Qh2+ 46. Kd3 Qxe5 47. Qg2+ 1/2-1/2

[Event "POHÁR města Říčany 2024"]
[Site "Městské kulturní středisko U labutě"]
[Date "2024.07.02"]
[Round "5.24"]
[White "Petrasek, Jiri"]
[Black "Cervenka, Petr"]
[Result "1-0"]
[WhiteElo "1788"]
[BlackElo "1874"]
[WhiteFideId "23735880"]
[BlackFideId "312444"]
[PlyCount "0"]
[EventDate "2024.06.29"]

1. e4 e6 2. d4 d5 3. exd5 exd5 4. Nf3 Bd6 5. c4 c6 6. c5 Bc7 7. Bd3 Ne7 8. Nc3
Bf5 9. O-O O-O 10. Re1 Nd7 11. Rxe7 Bxd3 12. Rxd7 Qxd7 13. Qxd3 Rae8 14. Be3 b6
15. cxb6 axb6 16. Rc1 f5 17. b4 Rf6 18. Ne5 Bxe5 19. dxe5 Rfe6 20. f4 Qe7 21. a3
Qa7 22. Ne2 Rh6 23. Nd4 c5 24. Nxf5 Rg6 25. Qxd5+ Kh8 26. Nd6 Rxd6 27. Qxd6 Qxa3
28. Bd2 cxb4 29. Qxb4 Qd3 30. e6 h6 31. Re1 b5 32. e7 Qd7 33. Bc3 Kg8 34. Qb3+
Kh8 35. Qf7 1-0

[Event "POHÁR města Říčany 2024"]
[Site "Městské kulturní středisko U labutě"]
[Date "2024.07.02"]
[Round "5.25"]
[White "Dudkova, Josefina"]
[Black "Kalvach, Ladislav"]
[Result "1-0"]
[WhiteElo "1794"]
[BlackElo "1873"]
[WhiteFideId "23712350"]
[BlackFideId "317284"]
[PlyCount "0"]
[EventDate "2024.06.29"]

1. d4 Nf6 2. c4 e6 3. Nc3 Bb4 4. Qc2 c5 5. dxc5 Bxc5 6. Nf3 Nc6 7. Bg5 h6
8. Bh4 g5 9. Bg3 Nh5 10. e3 Nxg3 11. hxg3 g4 12. Nd2 f5 13. a3 a5 14. O-O-O b6
15. e4 Nd4 16. Qd3 a4 17. exf5 Nxf5 18. Qe4 Ra7 19. Qxg4 Qe7 20. Nb5 Ra5 21. Bd3
Rxb5 22. cxb5 Nd4 23. Bg6+ Kf8 24. Nc4 Nb3+ 25. Kb1 d5 26. Ne5 Qg7 27. Qf4+ Ke7
28. Nc6+ Kd7 29. Rxd5+ exd5 30. Bf5+ Ke8 31. Re1+ Kf7 32. Bxc8+ Qf6 33. Qxf6+
Kxf6 34. Re6+ 1-0

[Event "POHÁR města Říčany 2024"]
[Site "Městské kulturní středisko U labutě"]
[Date "2024.07.02"]
[Round "5.26"]
[White "Jirousek, Tadeas"]
[Black "Pesek, Jan Antonin"]
[Result "1/2-1/2"]
[WhiteElo "1831"]
[BlackElo "1635"]
[WhiteFideId "382353"]
[BlackFideId "23745010"]
[PlyCount "0"]
[EventDate "2024.06.29"]

1. e4 e6 2. d4 d5 3. e5 c5 4. c3 Nc6 5. Nf3 Qb6 6. Bd3 cxd4 7. cxd4 Bd7 8. O-O
Nb4 9. Be2 Ne7 10. Nc3 Nf5 11. g4 Ne7 12. a3 Nbc6 13. Na4 Qc7 14. Bg5 h6 15. Bf4
Ng6 16. Bg3 Be7 17. Rc1 O-O 18. b4 a6 19. Bd3 b6 20. h4 Rfc8 21. Bxg6 fxg6
22. Qd3 Be8 23. Kg2 Qb7 24. Nc3 b5 25. Ne2 Nxb4 26. axb4 Bxb4 27. Nf4 Qf7
28. Rxc8 Rxc8 29. Ra1 a5 30. Qb1 Rc4 31. Nd3 Bc3 32. Ra2 a4 33. Rc2 b4 34. Nb2
Bxb2 1/2-1/2